Sistema acusatorio y régimen penal tributario : cuestiones vinculadas a la implementación del Código Procesal Penal Federal y su nuevo paradigma /
Guardado en:
| Otros Autores: | , , , , , , , , , , , , , , , , , , , , , , , , , , , , , , , , , , , , , , , , , , |
|---|---|
| Formato: | Libro |
| Idioma: | Undetermined |
| Publicado: |
Buenos Aires :
Ad-Hoc,
2026.
|
| Edición: | 1a. ed. |
| Materias: | |
| Etiquetas: |
Agregar Etiqueta
Sin Etiquetas, Sea el primero en etiquetar este registro!
|
| LEADER | 02244nam a22006735a 4500 | ||
|---|---|---|---|
| 001 | DER.der015727 | ||
| 008 | 260528s2026####ag############000#0#und#d | ||
| 005 | 20260528155944.0 | ||
| 245 | 1 | 0 | |a Sistema acusatorio y régimen penal tributario : |b cuestiones vinculadas a la implementación del Código Procesal Penal Federal y su nuevo paradigma / |c dirigido por Juan Manuel Álvarez Echagüe y coordinado por Mariana Silva Abro y Facundo Mojico. |
| 250 | |a 1a. ed. | ||
| 260 | |a Buenos Aires : |b Ad-Hoc, |c 2026. | ||
| 300 | |a 584 p. | ||
| 020 | |a 9789877453577 | ||
| 700 | 1 | |a Álvarez Echagüe, Juan Manuel, |e dir. | |
| 700 | 1 | |a Silva Abro, Mariana, |e coord. | |
| 700 | 1 | |a Mojico, Facundo, |e coord. | |
| 700 | 1 | |a Álvarez Echagüe, Juan Manuel. | |
| 700 | 1 | |a Barroetaveña, Diego G. | |
| 700 | 1 | |a Bobadilla, Tomás. | |
| 700 | 1 | |a Bonavento, Cintia. | |
| 700 | 1 | |a Caputo, Rafael F. | |
| 700 | 1 | |a Chassagnade, David. | |
| 700 | 1 | |a Cortés Olmedo, Facundo. | |
| 700 | 1 | |a Costa, María Noel. | |
| 700 | 1 | |a Crede, Natalia. | |
| 700 | 1 | |a de Llano, Hernán. | |
| 700 | 1 | |a Emlek, Pablo L. | |
| 700 | 1 | |a Espeche, Sebastián P. | |
| 700 | 1 | |a Fagiano, Caterina. | |
| 700 | 1 | |a Fiori, Agustina. | |
| 700 | 1 | |a Frascarelli, Luciana. | |
| 700 | 1 | |a Fronza, A. Gisele. | |
| 700 | 1 | |a Gómez, Teresa. | |
| 700 | 1 | |a Laporta, Mario. | |
| 700 | 1 | |a López Biscayart, Javier. | |
| 700 | 1 | |a López Parga, Lucía. | |
| 700 | 1 | |a Lumiento, María Elena. | |
| 700 | 1 | |a Martínez Gorostiaga, Lisandro. | |
| 700 | 1 | |a Meirovich, Gustavo. | |
| 700 | 1 | |a Fuenmayor, Krishu Miranda. | |
| 700 | 1 | |a Mojico, Facundo E. | |
| 700 | 1 | |a Collazos, Amir Nayi Abushihab. | |
| 700 | 1 | |a Nercellas, Marta. | |
| 700 | 1 | |a Pacheco, Lucas. | |
| 700 | 1 | |a Pirolo, Bárbara E. | |
| 700 | 1 | |a Reston, María Inés. | |
| 700 | 1 | |a Schurig, Harry. | |
| 700 | 1 | |a Schweizer, Federico. | |
| 700 | 1 | |a Seco, Agustina. | |
| 700 | 1 | |a Segon, Ignacio. | |
| 700 | 1 | |a Seleme, Mario. | |
| 700 | 1 | |a Semachowicz, Esteban D. | |
| 700 | 1 | |a Silisque, Verónica S. | |
| 700 | 1 | |a Silva Abro, Mariana L. | |
| 700 | 1 | |a Tessio, Manuel F. | |
| 700 | 1 | |a Villar, Mario. | |
| 700 | 1 | |a Yebra, Pablo. | |
| 650 | 7 | |a DERECHO PENAL | |
| 859 | |a DERECHO |b BIB. DERECHO |h 345 |i ALV |p 0010818 | ||
